A tutorial to accompany Peter Norton's introduction to computers (Record no. 5808)
[ view plain ]
| 000 -LEADER | |
|---|---|
| fixed length control field | 00555nam a22002057a 4500 |
| 001 - ACCESSION NUMBER | |
| control field | 38772 |
| 003 - CONTROL NUMBER IDENTIFIER | |
| control field | OSt |
| 005 - DATE AND TIME OF LATEST TRANSACTION | |
| control field | 20160323150227.0 |
| 008 - FIXED-LENGTH DATA ELEMENTS--GENERAL INFORMATION | |
| fixed length control field | 160323b xxu||||| |||| 00| 0 eng d |
| 020 ## - INTERNATIONAL STANDARD BOOK NUMBER | |
| International Standard Book Number | 0078297737 |
| 040 ## - CATALOGING SOURCE | |
| Original cataloging agency | DDC |
| Language of cataloging | eng |
| Transcribing agency | DDC |
| Modifying agency | DDC |
| Description conventions | DDC |
| 082 ## - DEWEY DECIMAL CLASSIFICATION NUMBER | |
| Classification number | 004 |
| 100 ## - MAIN ENTRY--PERSONAL NAME | |
| Relator code | Norton, Peter |
| 245 ## - TITLE STATEMENT | |
| Title | A tutorial to accompany Peter Norton's introduction to computers |
| Statement of responsibility, etc. | Peter Norton |
| 250 ## - EDITION STATEMENT | |
| Edition statement | 4th |
| 260 ## - PUBLICATION, DISTRIBUTION, ETC. (IMPRINT) | |
| Place of publication, distribution, etc. | New York |
| Name of publisher, distributor, etc. | McGraw Hill |
| Date of publication, distribution, etc. | 2003 |
| 300 ## - PHYSICAL DESCRIPTION | |
| Extent | xii,307 |
| Other physical details | col. ill. |
| Dimensions | 28cm |
| 504 ## - BIBLIOGRAPHY, ETC. NOTE | |
| Bibliography, etc | Includes index and cd-rom |
| 942 ## - ADDED ENTRY ELEMENTS (KOHA) | |
| Source of classification or shelving scheme | Dewey Decimal Classification |
| Koha item type | Circ Books |
| Withdrawn status | Lost status | Source of classification or shelving scheme | Damaged status | Not for loan | Home library | Current library | Date acquired | Total Checkouts | Full call number | Barcode | Date last seen | Price effective from | Koha item type |
|---|---|---|---|---|---|---|---|---|---|---|---|---|---|
| Dewey Decimal Classification | Wesley Powell Learning Resource Centre | Wesley Powell Learning Resource Centre | 03/23/2016 | 004/ WOR | 38772 | 03/23/2016 | 03/23/2016 | Circ Books | |||||
| Dewey Decimal Classification | Wesley Powell Learning Resource Centre | Wesley Powell Learning Resource Centre | 03/23/2016 | 004/ WOR | 38772 | 03/23/2016 | 03/23/2016 | Circ Books |